| 000 | 00316nam a2200121Ia 4500 | ||
|---|---|---|---|
| 008 | 220120s9999||||xx |||||||||||||| ||und|| | ||
| 020 | _a81-7808-036-2 | ||
| 100 | _aNagabushan,M | ||
| 245 | 0 | _aElectrical and electronic measurements | |
| 260 |
_bNew York _c2005 |
||
| 300 | _b149 | ||
| 650 |
_aSYSTEM PROGRAMMING _91254 |
||
| 999 |
_c132146 _d132146 |
||